00914 2200325 4500001002100000005001500021035002000036007000300056040001700059100003700076245008200113250001000195300002600205504003000231020002200261041000800283082001100291084001700302090002400319264003400343336002100377337003000398338002300428650001100451700004500462850001000507008004100517990001500558990001500573INLIS00000000000840820260520013551 a0010-0922000897ta aSBPUPADbInd0 aTjakra Wibawa ManuabaePengarang1 aPanduan Penatalaksanaan Kanker Solid :bPeraboi 2010 /cTjakra Wibawa Manuaba acet.1 axix,280 hlm ;c24,5cm aBibliografi, hlm. 279-280 a978-602-8674-17-107aInd a616.99 a616.99 PAN p a616.99 PAN p T 15-4 aJakarta :bSagung Seto,c2010 2rdacontentateks 2rdamediaatanpa perantara 2rdacarrieravolume 4aKanker0 aEditor, Tjakra Wibawa ManuabaePengarang aPUPAD260520 0  a736/B/2013 a734/B/2013